[Event "Badalona Castella op-B 45th"]
[Site "Badalona"]
[Date "2019.08.04"]
[Round "3.1"]
[White "Walter Travella, German"]
[Black "Malonda Rey, Albert"]
[Result "0-1"]
[WhiteElo "1940"]
[BlackElo "1806"]
[PlyCount "64"]
[EventDate "2019.08.02"]
[EventType "swiss"]
[EventRounds "9"]
[EventCountry "ESP"]
[SourceTitle "EXT 2024"]
[Source "ChessBase"]
[SourceDate "2023.10.10"]
[SourceVersion "1"]
[SourceVersionDate "2023.10.10"]
[SourceQuality "1"]

1. f4 d5 2. Nf3 Nf6 3. e3 g6 4. b3 Bg7 5. Bb2 0-0 6. Be2 c5 7. 0-0 Nc6 8. d3 d4 9. e4 Ng4 10. Bc1 f5 11. e5 Nb4 12. h3 Nh6 13. c4 Qc7 14. a3 Nc6 15. b4 b6 16. Qe1 Nd8 17. Bd2 a5 18. b5 Bb7 19. Qh4 Ne6 20. Ra2 Nf7 21. g4 Nh6 22. Ng5 Nxg5 23. fxg5 Bxe5 24. Bf3 Bg3 25. Bf4 Qxf4 26. Bd5+ Bxd5 27. Rxf4 Bxh4 28. gxh6 Bg5 29. Rf1 Bb7 30. gxf5 Bxh6 31. Kh2 Rxf5 32. Rxf5 gxf5 0-1